Learn english grammar,composition and translation / (Record no. 138178)

MARC details
000 -LEADER
fixed length control field 00554nam a22001817a 4500
005 - DATE AND TIME OF LATEST TRANSACTION
control field 20170309115829.0
010 ## - LCCN (DPL NO)
LC control number ENG-117497
020 ## - INTERNATIONAL STANDARD BOOK NUMBER
International Standard Book Number 9789350271469
Terms of availability 160.00
035 ## - SYSTEM CONTROL NUMBER
System control number EN-101029
037 ## - SOURCE OF ACQUISITION
Source of stock number/acquisition DBAD/PUB
082 ## - DEWEY DECIMAL CLASSIFICATION NUMBER
Edition number 2017
Classification number 485
100 ## - MAIN ENTRY--PERSONAL NAME
Personal name Thakur,K,P
245 ## - TITLE STATEMENT
Title Learn english grammar,composition and translation /
Statement of responsibility, etc by K.P.Thakur
260 ## - PUBLICATION, DISTRIBUTION, ETC. (IMPRINT)
Place of publication, distribution, etc New Delhi
Name of publisher, distributor, etc Bharti Bhawan
Date of publication, distribution, etc 2017
270 ## - ADDRESS
Address 4271/3,Ansari road ,Daryaganj
City New Delhi
Postal code 110002
Telephone number 23286557
300 ## - PHYSICAL DESCRIPTION
Extent viii,440p.
Other physical details 21cm(pbk)
942 ## - ADDED ENTRY ELEMENTS (KOHA)
Source of classification or shelving scheme Dewey Decimal Classification
Item type English Books
Classification part 485
Call number suffix THA
Holdings
Withdrawn status Lost status Not for loan Collection code Home library Current library Date acquired Source of acquisition Cost, normal purchase price Full call number Barcode Copy number Cost, replacement price Koha item type
    Not For Loan Non-fiction D.B.Act.Division Bawana 09/03/2017 DBAD/PUB 160.00 485 THA EN-101029 1 160.00 English Books

© Delhi Public Library
Hit Counter
free hit counter